Normal view
MARC view
Entry Personal Name
001 - CONTROL NUMBER
- control field: 52213
003 - CONTROL NUMBER IDENTIFIER
- control field: ARRUPE
005 - DATE AND TIME OF LATEST TRANSACTION
- control field: 20230306141737.0
008 - FIXED-LENGTH DATA ELEMENTS
- fixed length control field: 230306|| aca||aabn | a|a d
040 ## - CATALOGING SOURCE
- Original cataloging agency: ARRUPE
- Transcribing agency: ARRUPE
100 ## - HEADING--PERSONAL NAME
- Personal name: Amato, Rob
670 ## - SOURCE DATA FOUND
- Source citation: Work cat.: (ARRUPE)131652: Amato, Rob, The new constitution,, 1994.